00299nam a22000977a 4500008004100000082001500041100003300056245005800089260004600147300000800193230704b xxu||||| |||| 00| 0 eng d a340.6bCBS cCentral Bureau of Statistics aKenya 2003 Demographic and health Survey key Findings aKenyabCentral bureau of Statisticsc2004 a20p